Geography Quiz

Random Geography or State Quiz

US States by Largest Airport Quiz Stats

 Plays Quiz Updated Nov 13, 2020

Support Sporcle.
Go Orange.
Score 0/50 Timer 08:00
1 Play Today
% Correct
California
90.1%
Texas
89.8%
Florida
89.5%
Colorado
89%
Indiana
88.8%
Washington
88.5%
Tennessee
88.5%
Pennsylvania
88.3%
Illinois
88%
Utah
87.9%
Michigan
87.4%
Minnesota
87.3%
New Mexico
86.3%
New York
85.7%
Idaho
83.8%
Iowa
83%
Louisiana
82.4%
Alabama
82.4%
Arizona
80.5%
Oregon
80.4%
Georgia
80%
Alaska
77.9%
New Jersey
76.1%
Arkansas
74.7%
Maryland
72.9%
% Correct
Ohio
71.7%
Missouri
71.1%
Kansas
67.7%
Vermont
65.5%
South Dakota
65.1%
North Carolina
65%
Virginia
64.7%
Wyoming
64.4%
Massachusetts
64.2%
Montana
63.9%
Hawaii
62.2%
South Carolina
62%
Mississippi
60.6%
Maine
56.1%
Nevada
53.5%
Kentucky
51.2%
New Hampshire
47.6%
Delaware
40.2%
Oklahoma
39.9%
Connecticut
30.1%
Wisconsin
23.2%
Rhode Island
21.4%
Nebraska
20.5%
West Virginia
17.9%
North Dakota
17.5%

From the Vault

Rhymes with 'Y'

by sproutcm

This game is all that's 'Y' with the world.
Remove Ads.
Support Sporcle.
Get the best of Sporcle when you Go Orange. This ad-free experience offers more features, more stats, and more fun while also helping to support Sporcle. Thank you for becoming a member.

Show Comments

Extras

Top Quizzes Today


Score Distribution

Your Account Isn't Verified!

In order to create a playlist on Sporcle, you need to verify the email address you used during registration. Go to your Sporcle Settings to finish the process.

Report this User

Report this user for behavior that violates our Community Guidelines.

Details: